000 01089nam a22003015i 4500
001 11605
003 ES-MaACL
005 20250902080603.0
007 t|
008 950427s1994 sp ||||0| spa d
020 _a84-481-1818-9
040 _aM-BN
_bspa
_cM-BN
080 _a658.016.1(460)
080 _a347.72.028.5(460)
100 1 _aBermejo Casado, José Manuel.
_928099
245 1 3 _aLa creación de la empresa propia
_b: consejos prácticos para su puesta en marcha con éxito /
_cManuel Bermejo, Isabel Rubio, Ignacio de la Vega ; prólogo, Luciano Benetton.
260 _aMadrid :
_bMcGraw-Hill, Interamericana de España,
_cD.L. 1994.
300 _aVIII, 208 p ;
_c24 cm.
490 1 _aSerie McGraw-Hill de management
504 _aBibliografía: p. 209.
650 1 7 _aNuevas empresas-
_zEspaña
_2embne
_915643
700 1 _aRubio, Isabel.
_9100346
700 1 _aVega, Ignacio de la.
_9113549
700 1 _aBenetton, Luciano.
_927553
830 0 _aSerie McGraw-Hill de management
_9228200
852 _aES-MaACL
_jL-18983
_bR.124726
999 _c11605
_d11605